| 000 | 02107nam0a2200385 4500 | ||
|---|---|---|---|
| 001 | RU\NLR\bibl\886153 | ||
| 005 | 20260405091527.0 | ||
| 021 |
_aRU _b2005-53450 _92613 |
||
| 035 | _a(nilc)RSL-KNO-002705656 | ||
| 035 | _a(NLR Aleph) 000874686 | ||
| 090 |
_a1621342 _c1621342 |
||
| 100 | _a20050819d2005 |||y0rusy50 ca | ||
| 101 | 0 | _arus | |
| 102 | _aRU | ||
| 105 | _aa ||||||||| | ||
| 106 | _ar | ||
| 200 | 1 |
_aПрогноз криминогенной ситуации в Челябинской области с учетом социальных и демографических процессов (на 2005-2007 гг.) _eнаучно-аналитический обзор _fАрзамазцев М.В., Ладушин И.А., Михайлов К.В. _gЧеляб. юрид. ин-т М-ва внутр. дел Рос. Федерации |
|
| 210 |
_aЧелябинск _cЧелябинский юридический институт МВД России _d2005 |
||
| 215 |
_a45 с. _cил. _d21 |
||
| 300 | _aНа обороте тит.л. авт.: Арзамасцев М.В., к.ю.н., кап. милиции, Ладушин И.А., к.филос.н., доц., Михайлов К.В., к.ю.н., доц. | ||
| 606 | 1 |
_aПреступность _xПрогнозирование _yЧелябинская область _92407153 _3RU\NLR\auth\661434498 |
|
| 610 | 0 | _aГосударство и право. Юридические науки -- Криминология -- Российская Федерация | |
| 686 |
_aХ628.3,0 _2rubbk |
||
| 686 | _aХ628.3 | ||
| 700 | 1 |
_aАрзамасцев _bМ. В. _gМаксим Васильевич _4070 |
|
| 701 | 1 |
_aЛадушин _bИ. А. _gИгорь Анатольевич _4070 |
|
| 701 | 1 |
_4070 _7ca _8rus _aМихайлов _bК. В. _cюрист _gКонстантин Владимирович _915895 _3RU\NLR\auth\7732887 |
|
| 801 | 0 |
_aRU _bRuMoRKP _c20050819 _grcr |
|
| 801 | 1 |
_aRU _bRuMoRGB _c20050819 |
|
| 801 | 2 |
_aRU _bNLR _c20051209 _grcr |
|
| 830 | _aАвт. по ГАК | ||
| 942 | _cBOOK | ||
| 980 | _aNB | ||
| 980 | _aNBR | ||